Efektívny marketing praktické rady

Na minha lista:
Detalhes bibliográficos
Formato: Periódico
Idioma:eslovaco
Publicado em: Bratislava UNIAPRESS INTERNATIONAL 2003
Assuntos:
Tags: Adicionar Tag
Sem tags, seja o primeiro a adicionar uma tag!

MARC

LEADER 00000nas2a2200000 4500
001 0052471
005 20070202122610.7
041 0 |a slo 
044 |a SK 
245 1 0 |a Efektívny marketing  |b praktické rady 
264 1 |a Bratislava  |b UNIAPRESS INTERNATIONAL  |c 2003 
773 0 |w eu_un_cat*s122893 
610 2 0 |a marketing 
610 2 0 |a poradenstvo